=LDR 00000nam 2200000 4500 =001 INLIS000000000007102 =005 20130612095145 =008 ***********************************Ind** =035 ##$$0010-061300000007102 =041 ##$$a Ind =082 ##$$a 282 =090 ##$$a 282, Win b =100 ##$$a Winardi, F =245 ##$$a Biji kencana baru, F. Winardi =260 ##$$a 1994 $b Ende =300 ##$$a 105 hlm, ilus, 19 cm =650 ##$$a Gereja